El Evangelio según San Mateo

Сохранить в:
Библиографические подробности
Главный автор: Luz, Ulrich (autor)
Формат:
Язык:испанский
Опубликовано: Salamanca Sígueme 2001
Редактирование:2a. ed
Серии:Biblioteca de Estudios Bíblicos, 74
Предметы:
Метки: Добавить метку
Нет меток, Требуется 1-ая метка записи!

MARC

LEADER 00000cam a2200000 a 4500
001 UCG0813
003 CL-VaPUC
008 100408e20010000SP |||||||||||||||||spa|d
020 |a 8430112138v.1 
082 0 4 |a 226.2  |b LUZ  |2 21 
100 |a Luz, Ulrich  |e autor  |9 596638 
245 1 3 |a El Evangelio según San Mateo 
250 |a 2a. ed 
300 |a v 
942 |c BK 
945 |d 20100408 00:00:00  |a cmena 
260 |a Salamanca  |b Sígueme  |c 2001 
500 |a v.1: Mt 1-7 
600 0 7 |a SAN MATEO  |2 CL-VaPUC  |9 421534 
650 0 |a Biblia  |9 257603 
650 0 |a Nuevo testamento  |9 257604 
650 7 |a SAN MATEO 1-7  |2 CL-VaPUC  |9 548411 
650 7 |a COMENTARIOS BIBLICOS  |2 CL-VaPUC  |9 521524 
583 |a last modification  |c 20130422 12:00:05  |k Rodrigo Vera 
490 0 |a Biblioteca de Estudios Bíblicos, 74 
999 |c 340336  |d 340334 
952 |0 0  |1 0  |4 0  |6 226_200000000000000_LUZ_2001  |7 0  |8 A  |9 434947  |a BIBTEO  |b BIBTEO  |d 2019-11-22  |h v.1  |i 4660218  |o 226.2 LUZ 2001  |p 4660218  |r 2025-01-17  |w 2019-11-22  |y BK  |k ICR 
952 |0 0  |1 0  |4 0  |6 226_200000000000000_LUZ_2001  |7 0  |8 A  |9 434948  |a BIBTEO  |b BIBTEO  |d 2019-11-22  |h v.1  |i 4967208  |l 2  |o 226.2 LUZ 2001  |p 4967208  |r 2025-01-17  |s 2024-09-17  |w 2019-11-22  |y BK  |k ICR 
952 |0 0  |1 0  |4 0  |6 226_200000000000000_LUZ_2001  |7 0  |8 A  |9 434949  |a BIBTEO  |b BIBTEO  |d 2019-11-22  |h v.2  |i 4967224  |o 226.2 LUZ 2001  |p 4967224  |r 2025-01-17  |w 2019-11-22  |y BK  |k ICR 
952 |0 0  |1 0  |4 0  |6 226_200000000000000_LUZ_2001  |7 0  |8 A  |9 434950  |a BIBTEO  |b BIBTEO  |d 2019-11-22  |h v.3  |i 4967232  |o 226.2 LUZ 2001  |p 4967232  |r 2025-01-17  |w 2019-11-22  |y BK  |k ICR